[Event "Capablanca mem-A"]
[Site "Cienfuegos"]
[Date "1996.??.??"]
[Round "6"]
[White "Miles, Anthony J"]
[Black "Conquest, Stuart"]
[Result "1-0"]
[WhiteElo "2635"]
[BlackElo "2540"]
[PlyCount "101"]
[EventDate "1996.05.??"]
[Source "ChessBase"]

1. d4 e6 2. e4 d5 3. exd5 exd5 4. Nf3 Be7 5. Bd3 Bg4 6. Nbd2 Nf6 7. Nf1 Nc6 8. c3 O-O 9. Ng3 Re8 10. O-O Bd6 11. h3 Bxg3 12. hxg4 Bd6 13. Qc2 g6 14. g5 Nh5 15. g3 Qd7 16. Kg2 Rf8 17. Rh1 f5 18. Rh4 Qf7 19. Bd2 Rae8 20. Rah1 Re4 21. R4h3 a6 22. Ng1 Ne7 23. f4 b5 24. Be2 Qe8 25. Qd1 c5 26. Bxh5 gxh5 27. Rxh5 Rf7 28. Rh6 Ng6 29. Qh5 Kf8 30. Qf3 Qd7 31. R1h2 Ke8 32. Kh1 Kd8 33. Qh5 Ree7 34. Nf3 Kc8 35. Ne5 Bxe5 36. dxe5 b4 37. cxb4 c4 38. Qf3 Re6 39. Bc3 Qb7 40. Rd2 Rd7 41. Kg2 Re8 42. a3 Qc6 43. Bd4 Kb7 44. Bc5 a5 45. Rh1 Rxe5 46. fxe5 Nxe5 47. Qd1 d4+ 48. Kf2 f4 49. Rh4 fxg3+ 50. Kxg3 Rf7 51. Rf2 1-0

[Event "RUS Team Ch"]
[Site "Podolsk RUS"]
[Date "1992.??.??"]
[Round "?"]
[White "Dreev, Alexey S"]
[Black "Dolmatov, Sergey V"]
[Result "1/2-1/2"]
[WhiteElo "2580"]
[BlackElo "2595"]
[PlyCount "22"]
[EventDate "1992.??.??"]
[Source "www.chesslib.no"]
[SourceDate "2004.05.04"]

1. d4 e6 2. e4 d5 3. exd5 exd5 4. Nf3 Nc6 5. Bb5 Bd6 6. c4 dxc4 7. d5 a6 8. Ba4 b5 9. dxc6 bxa4 10. O-O Ne7 11. Qxa4 O-O 1/2-1/2

[Event "HUN-chT 9899"]
[Site "?"]
[Date "1998.??.??"]
[Round "?"]
[White "Varga Zoltan"]
[Black "Chernin Alexander"]
[Result "1/2-1/2"]
[WhiteElo "2565"]
[BlackElo "2610"]
[PlyCount "59"]
[EventDate "1998.??.??"]
[Source "www.chesslib.no"]
[SourceDate "2004.05.04"]

1. e4 e6 2. d4 d5 3. exd5 exd5 4. Nf3 Bd6 5. c4 dxc4 6. Bxc4 Nf6 7. Qe2+ Qe7 8. Qxe7+ Bxe7 9. O-O O-O 10. Re1 Bd6 11. Nc3 Nc6 12. Bg5 Nd7 13. a3 Nb6 14. Ba2 Bg4 15. Ne5 Bxe5 16. dxe5 Rfe8 17. Nd5 Nxd5 18. Bxd5 Rxe5 19. Rxe5 Nxe5 20. Bxb7 Rb8 21. Ba6 Rxb2 22. Be3 Be2 23. Bxe2 Rxe2 24. Bxa7 Nc4 25. a4 f6 26. g3 Na5 27. Kf1 Rc2 28. Be3 Kf7 29. Ke1 Ke6 30. Kd1 1/2-1/2

[Event "Metz op 15th"]
[Site "?"]
[Date "1997.??.??"]
[Round "9"]
[White "Spraggett Kevin B"]
[Black "Eingorn Vereslav S"]
[Result "1/2-1/2"]
[WhiteElo "2580"]
[BlackElo "2595"]
[PlyCount "69"]
[EventDate "1997.??.??"]
[Source "www.chesslib.no"]
[SourceDate "2004.05.04"]

1. e4 e6 2. d4 d5 3. Nc3 Bb4 4. exd5 exd5 5. Bd3 Nc6 6. a3 Bxc3+ 7. bxc3 Nf6 8. Ne2 O-O 9. O-O Na5 10. Ng3 Bg4 11. f3 Bd7 12. Re1 Nc4 13. Bf4 Re8 14. Be5 h6 15. Bxc4 dxc4 16. Qe2 Be6 17. Bxf6 Qxf6 18. Ne4 Qd8 19. Nc5 Bd5 20. Qxe8+ Qxe8 21. Rxe8+ Rxe8 22. Kf2 b6 23. Na4 f5 24. Re1 Rxe1 25. Kxe1 f4 26. Nb2 Kf7 27. Nd1 Be6 28. Nf2 Bf5 29. Kd2 Ke6 30. Nd1 g5 31. Nf2 Kd5 32. g4 Bh7 33. h4 Ke6 34. hxg5 hxg5 35. Nh3 1/2-1/2

[Event "Deizisau op"]
[Site "?"]
[Date "2000.??.??"]
[Round "6"]
[White "Glek Igor V"]
[Black "Vaganian Rafael Agred"]
[Result "1/2-1/2"]
[WhiteElo "2554"]
[BlackElo "2618"]
[PlyCount "30"]
[EventDate "2000.??.??"]
[Source "www.chesslib.no"]
[SourceDate "2004.05.04"]

1. e4 e6 2. d4 d5 3. Nc3 Bb4 4. exd5 exd5 5. Bd3 Nf6 6. Nge2 O-O 7. O-O Bg4 8. Bg5 c6 9. h3 Bh5 10. Bf4 Bxc3 11. bxc3 Bxe2 12. Qxe2 Nbd7 13. Qf3 Re8 14. Rae1 Rxe1 15. Rxe1 Qf8 1/2-1/2